Memorandum To Parliament By The Ministry Of Communication And Technology Subject: Endorsement Of The Revised Draft Constitution Of The Commonwealth Telecommunication Organization (Record no. 4817)

MARC details
000 -LEADER
fixed length control field 00695nam a22001697a 4500
003 - CONTROL NUMBER IDENTIFIER
control field OSt
005 - DATE AND TIME OF LATEST TRANSACTION
control field 20241122123826.0
008 - FIXED-LENGTH DATA ELEMENTS--GENERAL INFORMATION
fixed length control field 241122b |||||||| |||| 00| 0 eng d
041 ## - LANGUAGE CODE
Language code of text/sound track or separate title English
082 ## - DEWEY DECIMAL CLASSIFICATION NUMBER
Classification number PM/CTO/02 Acc. No. 10,411
110 ## - MAIN ENTRY--CORPORATE NAME
Corporate name or jurisdiction name as entry element Ministry Of Communication And Technology
245 ## - TITLE STATEMENT
Title Memorandum To Parliament By The Ministry Of Communication And Technology Subject: Endorsement Of The Revised Draft Constitution Of The Commonwealth Telecommunication Organization
260 ## - PUBLICATION, DISTRIBUTION, ETC.
Place of publication, distribution, etc. Accra
Name of publisher, distributor, etc. Parliament Of Ghana
Date of publication, distribution, etc. 31st May, 2002
300 ## - PHYSICAL DESCRIPTION
Extent 16p.
650 ## - SUBJECT ADDED ENTRY--TOPICAL TERM
Source of heading or term Endorsement Of The Revised Draft Constitution Of The Commonwealth Telecommunication Organization
942 ## - ADDED ENTRY ELEMENTS (KOHA)
Source of classification or shelving scheme Dewey Decimal Classification
Koha item type Memorandum
Suppress in OPAC No
Holdings
Withdrawn status Lost status Source of classification or shelving scheme Damaged status Not for loan Home library Current library Shelving location Date acquired Total checkouts Full call number Date last seen Copy number Price effective from Koha item type
    Dewey Decimal Classification     Main Library Main Library Open Shelves 22/11/2024   PM/CTO/02 Acc. No. 10,411 C1 22/11/2024 1 22/11/2024 Memorandum
    Dewey Decimal Classification     Main Library Main Library Open Shelves 22/11/2024   PM/CTO/02 Acc. No. 10,412 C2 22/11/2024 2 22/11/2024 Memorandum
    Dewey Decimal Classification     Main Library Main Library Open Shelves 22/11/2024   PM/CTO/02 Acc. No. 10,413 C3 22/11/2024 3 22/11/2024 Memorandum
    Dewey Decimal Classification     Main Library Main Library Open Shelves 22/11/2024   PM/CTO/02 Acc. No. 10,414 C4 22/11/2024 4 22/11/2024 Memorandum
©2026  Parliament of Ghana Library - All rights reserved